| 000 | 00563nam a22002057a 4500 | ||
|---|---|---|---|
| 999 |
_c195229 _d195229 |
||
| 005 | 20230403112554.0 | ||
| 010 | _aENG-136388 | ||
| 020 |
_a9781788900858 _c800.00 |
||
| 035 | _aEN-119920 | ||
| 037 | _bDBAD/PUB | ||
| 082 | _a881 | ||
| 100 | _aGhosh, R.P | ||
| 245 |
_aThe Treasure Of Tears / _cBy R.P Ghosh |
||
| 250 | _aFirst | ||
| 260 |
_aLondon _bOlympia Publishers _c2018 |
||
| 270 |
_bLondon _aTallis House,2Tallis Street _e700020 |
||
| 300 |
_a154p.; _c20cm(pb) _bill. |
||
| 500 | _aPoetry collections | ||
| 942 |
_2ddc _cEN _mRPG _h881 |
||